LEADER 01468nam a2200289 4500 001 000000361559 003 CaOOAMICUS 005 20250205094715.0 008 250205s2013 it 000 u ita r 020 $a978-88-213-0852-9 040 $aSeMil$bita 100 1 $aKraso?, Franciszek.$0(OLS)http://semarc/name/121445 245 13$aLa Liturgia vita del fedele :$bprofilo del christianus nell'eucologia del Sacramentarium Veronense /$cFranciszek Kraso? ; presentazione di Manlio Sodi. 264 1$aRoma :$bLAS,$c2013. 300 $a216 p. ;$c24 cm 490 1 $aFlumina ex fontibus ;$v1 650 4$aSacramentario Veronese/Leoniano - Commenti e studi.$0(OLS)http://semarc/subject/3847 650 4$aEucologia - Liturgia.$0(OLS)http://semarc/subject/8744 700 1 $aSodi, Manlio,$c.$0(OLS)http://semarc/name/180 710 0 $aPontificium institutum altioris latinitatis :$bFacoltą di Lettere cristiane e classiche.$0(OLS)http://semarc/name/121077 830 0$aFlumina ex fontibus ;$v1.$0(OLS)http://semarc/title/40946 850 $aSeMil 852 $aSeMil$W1$xVenegono$y1$m3K IV 221$j254287$B252522$CSeMilBibl$Z2$F252522 $81 996 $6020$a978-88-213-0852-9$9(OLS)http://semarc/number/302394 996 $6245$aLa Liturgia vita del fedele :$bprofilo del christianus nell'eucologia del Sacramentarium Veronense$9(OLS)http://semarc/title/452319 996 $6264$aRoma :$bLAS$9(OLS)http://semarc/publisher/29900 LEADER 01368nam a2200241 i 4500 001 000000181352 003 CaOOAMICUS 005 20090901000000.0 008 090901s1908 it u000 u ita u 013 $a159184 040 $aSeMil$bita 245 10$aPars 2. ; Regulae Pastoralis :$bLiber. 300 $aP. 164-292, VII, 170 p. 490 0 $aBibliotheca Sanctorum Patrum : theologiae tironibus et universo clero accommodata 490 0 $aBibliotheca sanctorum patrum et scriptorum ecclesiasticorum theologiae et christianarum litterarum cultoribus accommodata. Series 7., Scriptores Medii Aevi ;$v1.2 700 1 $aTurchi, Nicola <1882-1958>.$0(OLS)http://semarc/name/6408 773 0 $tSancti Gregorii Magni Epistolae selectae.$dRomae : Ex Officina typographica Forzani et Socii, 1907-1908.$w()21945 830 0$aBibliotheca Sanctorum Patrum : theologiae tironibus et universo clero accommodata.$0(OLS)http://semarc/title/29137 830 0$aBibliotheca sanctorum patrum et scriptorum ecclesiasticorum theologiae et christianarum litterarum cultoribus accommodata. Series 7., Scriptores Medii Aevi ;$v1.2.$0(OLS)http://semarc/title/29157 850 $aSeMil 852 $aSeMil$W1$xVenegono$y1$m2S II 179$j132093$B132093$CSeMilBibl$Z2$F143907 $81 961 $aOmaggio: Altro 996 $6245$aPars 2. ; Regulae Pastoralis :$bLiber$9(OLS)http://semarc/title/260346